000 004760000a22001930004500
001 000746
003 MACL
005 20150916125708.0
008 150916b xxu||||| |||| 00| 0 eng d
040 _aMACL
_cMACL
041 _aEnglish
082 _a821/SEN
100 _aSengupta, Swarajbrata
_95920
245 _aThe Poem In The Ear
_cSwarajbrata Sengupta
260 _aCalcutta
_c1998
_bGobal Enterprise,
350 _a125
650 _a Poetry
_911565
942 _k821
_cBK
_2ddc
999 _c744
_d744